000 00899nam a2200253Ia 4500
003 OSt
005 20220930193303.0
006 a|||||r|||| 00| 0
007 ta
008 220926b |||||||| |||| 00| 0 eng d
024 _a11313
037 _cDissertations
040 _aCRL
_cCRL
_beng
041 _2eng
_aeng
100 _aMuthusamy K.
_9562146
110 _aUniversity of Delhi. Faculty of Medical Sciences. Department of Anaesthesiology
245 0 _aComparative study of attenuation of cardiovascular responses to tracheal intubation
_b I.V. buprenorphine versus I.V. Lignocaine
260 _c1996
650 _aANESTHETICS
_9519569
700 _a Dr Raktima Anand Supervisor
_9525485
700 _aUniversity of Delhi. Faculty of Medical Sciences. Department of Anaesthesiology
942 _cDIS
_2CC
999 _c896296
_d896296